Rané brambory : pěstitelský rádce /

Main Author: Hamouz, Karel, 1953-
Corporate Author: Česká zemědělská univerzita v Praze. Katedra rostlinné výroby
Language: Czech
Published: Praha : Pro katedru rostlinné výroby, FAPPZ, ČZU v Praze vydalo vydavatelství Kurent, 2007
Edition: Vyd. 1.
Subjects:
Physical Description: 48 s. : il., mapy ; 21 cm
Language note: Anglické resumé
Book
Saved in:
LEADER 01511nam a2200433 a 4500
001 nkc20081796633
003 CZ PrNK
005 20220909095149.0
007 ta
008 080331s2007 xr ab e f 000 0 cze
015 |a cnb001796633 
020 |a 978-80-903522-9-2  |q (Kurent ;  |q brož.) 
035 |a (OCoLC)228782689 
040 |a ABA001  |b cze 
041 0 |a cze  |b eng 
072 7 |a 633  |x Rostlinná výroba  |2 Konspekt  |9 24 
080 |a 633.491-027.14  |2 MRF 
080 |a 633.01/.04  |2 MRF 
080 |a (035)  |2 MRF 
100 1 |a Hamouz, Karel,  |d 1953-  |7 mzk2005274985  |4 aut 
245 1 0 |a Rané brambory :  |b pěstitelský rádce /  |c Karel Hamouz a kol. 
250 |a Vyd. 1. 
260 |a Praha :  |b Pro katedru rostlinné výroby, FAPPZ, ČZU v Praze vydalo vydavatelství Kurent,  |c 2007 
300 |a 48 s. :  |b il., mapy ;  |c 21 cm 
504 |a Obsahuje bibliografii 
546 |a Anglické resumé 
650 0 7 |a rané brambory  |7 ph116018  |2 czenas 
650 0 7 |a pěstování polních rostlin  |7 ph183359  |2 czenas 
650 0 9 |a early potatoes  |2 eczenas 
650 0 9 |a field crops cultivation  |2 eczenas 
655 7 |a příručky  |7 fd133209  |2 czenas 
655 9 |a handbooks and manuals  |2 eczenas 
710 2 |a Česká zemědělská univerzita v Praze.  |b Katedra rostlinné výroby  |7 kn20010725053 
910 2 |a BOA001  |b 2-1199.946 
928 9 |a Kurent 
990 |a BK 
995 |a 01 
991 |b 200804  |c NOV 
996 6 |b 2610339238  |c 2-1199.946  |l MZK  |r Sklad / do 1 hodiny  |n 1  |p p.v.  |w 000890140  |u 000010  |a 1  |e BOA001  |j MZK50  |s P